Antonello Gagini und seine Söhne
Gespeichert in:
| VerfasserIn: | |
|---|---|
| Mitwirkende: | |
| Dokumenttyp: | Buch |
| Sprache: | German |
| Veröffentlicht: |
München
: Bruckmann
, 1980
|
| Schlagwörter: | |
| Online Zugang: | Inhaltsverzeichnis Inhaltsverzeichnis |
| Bibliogr. Hinweis: | Rezensiert in:
[Rezension von: Hanno-Walter Kruft, Domenico Gagini und seine Werkstatt / Antonello Gagini und seine Söhne] |
| Verantwortlich: | Hanno-Walter Kruft |
| LEADER | 04442cam a2200997 c 4500 | ||
|---|---|---|---|
| 001 | 012507814 | ||
| 003 | DE-627 | ||
| 005 | 20260609203308.0 | ||
| 007 | tu | ||
| 008 | 710101s1980 gw ||||| 00| ||ger c | ||
| 015 | |a 80,A30,0758 |2 dnb | ||
| 016 | 7 | |a 800400011 |2 DE-101 | |
| 020 | |a 3765417920 |q Ln. |9 3-7654-1792-0 | ||
| 035 | |a (DE-627)012507814 | ||
| 035 | |a (DE-603)080486924 | ||
| 035 | |a (DE-576)012020575 | ||
| 035 | |a (DE-599)GBV012507814 | ||
| 035 | |a (OCoLC)720558931 | ||
| 035 | |a (OCoLC)07650227 | ||
| 035 | |a (AT-OBV)AC01078791 | ||
| 035 | |a (DE-604)8012478792 | ||
| 040 | |a DE-627 |b ger |c DE-627 |e rakwb | ||
| 041 | |a ger | ||
| 044 | |c XA-DE | ||
| 082 | 0 | |a B |q OCLC |2 19 | |
| 082 | 0 | |a 730/.92/4 | |
| 082 | 0 | |a 730.924 |a B |2 DDC19oclc | |
| 084 | |a 12a |2 sdnb | ||
| 084 | |a 9,10 |2 ssgn | ||
| 084 | |a LI 31730 |2 rvk |0 (DE-625)rvk/96058: | ||
| 084 | |a LI 99999 |2 rvk |0 (DE-625)rvk/97471: | ||
| 084 | |a 20.31 |2 bkl | ||
| 084 | |a 21.52 |2 bkl | ||
| 100 | 1 | |a Kruft, Hanno-Walter |d 1938-1993 |0 (DE-588)103653678 |0 (DE-627)503815187 |0 (DE-576)161843379 |4 aut | |
| 245 | 1 | 0 | |a Antonello Gagini und seine Söhne |c Hanno-Walter Kruft |
| 264 | 1 | |a München |b Bruckmann |c 1980 | |
| 300 | |a 560 S. |b zahlr. Ill. | ||
| 336 | |a Text |b txt |2 rdacontent | ||
| 337 | |a ohne Hilfsmittel zu benutzen |b n |2 rdamedia | ||
| 338 | |a Band |b nc |2 rdacarrier | ||
| 500 | |a Werkeverz. S. 365 - 440. - Literaturverz. S. 549 - 552 | ||
| 583 | 1 | |a Archivierung/Langzeitarchivierung gewährleistet |f SSG |x XA-DE-BW |2 pdager |5 DE-16 | |
| 600 | 1 | 4 | |a Gagini, Antonello |
| 648 | 7 | |a Geschichte 1498-1586 |2 gnd | |
| 650 | 0 | 7 | |0 (DE-588)4203420-6 |0 (DE-627)105151025 |0 (DE-576)210155043 |a Sohn |2 gnd |
| 650 | 0 | 7 | |0 (DE-588)4049450-0 |0 (DE-627)104117257 |0 (DE-576)209082151 |a Renaissance |2 gnd |
| 650 | 0 | 7 | |0 (DE-588)4046277-8 |0 (DE-627)106198602 |0 (DE-576)209068817 |a Plastik |2 gnd |
| 650 | 4 | |a Gagini <Künstlerfamilie> | |
| 650 | 4 | |a Plastik | |
| 651 | 7 | |0 (DE-588)4055193-3 |0 (DE-627)104540818 |0 (DE-576)209112689 |a Sizilien |2 gnd | |
| 655 | 7 | |a Bildband |0 (DE-588)4145395-5 |0 (DE-627)104450835 |0 (DE-576)209741139 |2 gnd-content | |
| 655 | 7 | |a Werkverzeichnis |0 (DE-588)4189680-4 |0 (DE-627)104464909 |0 (DE-576)210061456 |2 gnd-content | |
| 689 | 0 | 0 | |d p |0 (DE-588)118537113 |0 (DE-627)145018946 |0 (DE-576)208927840 |a Gagini, Antonello |d 1478-1536 |2 gnd |
| 689 | 0 | 1 | |d s |0 (DE-588)4046277-8 |0 (DE-627)106198602 |0 (DE-576)209068817 |a Plastik |2 gnd |
| 689 | 0 | |5 DE-101 | |
| 689 | 1 | 0 | |d p |0 (DE-588)118537121 |0 (DE-627)694780928 |0 (DE-576)208927859 |a Gagini |c Familie |2 gnd |
| 689 | 1 | 1 | |d s |0 (DE-588)4046277-8 |0 (DE-627)106198602 |0 (DE-576)209068817 |a Plastik |2 gnd |
| 689 | 1 | |5 DE-101 | |
| 689 | 2 | 0 | |d p |0 (DE-588)118537113 |0 (DE-627)145018946 |0 (DE-576)208927840 |a Gagini, Antonello |d 1478-1536 |2 gnd |
| 689 | 2 | |5 DE-101 | |
| 689 | 3 | 0 | |d p |0 (DE-588)118537121 |0 (DE-627)694780928 |0 (DE-576)208927859 |a Gagini |c Familie |2 gnd |
| 689 | 3 | |5 DE-101 | |
| 689 | 4 | 0 | |d p |0 (DE-588)118537121 |0 (DE-627)694780928 |0 (DE-576)208927859 |a Gagini |c Familie |2 gnd |
| 689 | 4 | |5 (DE-627) | |
| 700 | 1 | |a Gagini, Antonello |d 1478-1536 |e Ill. |0 (DE-588)118537113 |0 (DE-627)145018946 |0 (DE-576)208927840 |4 ill | |
| 787 | 0 | 8 | |i Rezensiert in |a Krönig, Wolfgang, 1904 - 1992 |t [Rezension von: Hanno-Walter Kruft, Domenico Gagini und seine Werkstatt / Antonello Gagini und seine Söhne] |d 1983 |w (DE-627)1853394742 |
| 856 | 4 | 2 | |u http://d-nb.info/800400011/04 |m V:DE-605 |q application/pdf |3 Inhaltsverzeichnis |7 1 |
| 856 | 4 | 2 | |u http://scans.hebis.de/HEBCGI/show.pl?08048692_toc.pdf |m V:DE-605;X:Imageware |q application/pdf |3 Inhaltsverzeichnis |7 1 |
| 889 | |w (DE-627)026389487 | ||
| 935 | |i Blocktest | ||
| 936 | r | v | |a LI 31730 |b Gaggini, Domenico |k Kunstgeschichte |k Künstler-Monografien |k Alphabetische Künstlerliste |k Künstler G |k Gaggini, Domenico |0 (DE-627)1271132001 |0 (DE-625)rvk/96058: |0 (DE-576)201132001 |
| 936 | r | v | |a LI 99999 |b Sonstige |k Kunstgeschichte |k Künstler-Monografien |k Sonstige |0 (DE-627)1270635948 |0 (DE-625)rvk/97471: |0 (DE-576)200635948 |
| 936 | b | k | |a 20.31 |j Bildende Künstler |0 (DE-627)181571080 |
| 936 | b | k | |a 21.52 |j Geschichte der Bildhauerei |0 (DE-627)106405829 |
| 936 | s | n | |a l300 |2 mzub |
| 936 | s | n | |a b100 |2 mzub |
| 951 | |a BO | ||
| 990 | |a Gagini, Antonello | ||
| 990 | |a Plastik | ||
| 990 | |a Gagini <Familie> | ||
| 990 | |a Plastik | ||
| 990 | |a Gagini, Antonello | ||
| 990 | |a Gagini <Familie> | ||
| 990 | |a Gagini <Familie> | ||
| 991 | |a Rezensiertes Werk | ||
| 999 | |a KXP-PPN012507814 |e 4371553664 | ||


